Bilanzpolitik.

Dôležitými nástrojmi realizácie cieľov bilančnej politiky sú hodnotenie podniku a jeho rezervného fondu. Medzi vybrané komplexy bilančnej politiky patria: minimalizácia daní, politika rozdeľovania. Pri rezervnom fonde dochádza k jeho nasadeniu v prípade nepriaznivej obchodnej situácie.

Guardado en:
Detalles Bibliográficos
Autor principal: Neumann, Helmut
Formato: Capítulo de libro
Lenguaje:alemán
Materias:
Etiquetas: Agregar Etiqueta
Sin Etiquetas, Sea el primero en etiquetar este registro!

MARC

LEADER 00000naa a2200000 4500
001 r002196
005 20240618122426.0
041 0 |a ger 
044 |a DE 
245 1 0 |a Bilanzpolitik.  |c Helmut Neumann 
520 |a Dôležitými nástrojmi realizácie cieľov bilančnej politiky sú hodnotenie podniku a jeho rezervného fondu. Medzi vybrané komplexy bilančnej politiky patria: minimalizácia daní, politika rozdeľovania. Pri rezervnom fonde dochádza k jeho nasadeniu v prípade nepriaznivej obchodnej situácie. 
610 2 0 |a bilancie 
610 2 0 |a dane 
610 2 0 |a fond rezervný 
610 2 0 |a podnik 
610 2 0 |a rozbory činnosti hospodárskej 
100 1 |a Neumann, Helmut